ISDN for dummies (Record no. 164257)

MARC details
000 -LEADER
fixed length control field 00396nam a2200157Ia 4500
008 - FIXED-LENGTH DATA ELEMENTS--GENERAL INFORMATION
fixed length control field 231217s9999 xx 000 0 und d
041 ## - LANGUAGE CODE
Language code of text/sound track or separate title English
082 ## - DEWEY DECIMAL CLASSIFICATION NUMBER
Classification number 621.385 ANG
100 ## - MAIN ENTRY--PERSONAL NAME
Personal name Angell, David
245 #0 - TITLE STATEMENT
Title ISDN for dummies
250 ## - EDITION STATEMENT
Edition statement 1st ed.
260 ## - PUBLICATION, DISTRIBUTION, ETC.
Date of publication, distribution, etc. 1995
Name of publisher, distributor, etc. Comdex Computer Publ.
300 ## - PHYSICAL DESCRIPTION
Extent xxiii+332
650 ## - SUBJECT ADDED ENTRY--TOPICAL TERM
Topical term or geographic name entry element Video conferencing Switching, telephone
942 ## - ADDED ENTRY ELEMENTS (KOHA)
Koha item type Books
Holdings
Date last seen Total checkouts Full call number Accession number Cost, total (INR) price Price effective from Category Lost status Damaged status Department Withdrawn status Home library Current library Entry date Vendor Cost, normal purchase price Grants Billnumber Billdate Currency symbol Conversion rate Discount Old discount
26/01/2024   621.385 ANG 8746 127.50 26/01/2024 Books     Central Library   Central Library Central Library 11/03/1996 Gangarams books bureu 150.00 EC 1020 24/02/1999 RS 1 22.5 15
26/01/2024   621.385 ANG;1 8747 127.50 26/01/2024 Books     Central Library   Central Library Central Library 11/03/1996 Gangarams books bureu 150.00 EC 1020 24/02/1999 RS 1 22.5 15

© For any Suggestions or Query, please contact the library staff @ librarian@pes.edu or Phone: +9180 2672 1983/ 2108.